| 000 | 00579nam a22002057a 4500 | ||
|---|---|---|---|
| 003 | OSt | ||
| 005 | 20140310182909.0 | ||
| 008 | 130128t xxu||||| |||| 00| 0 eng d | ||
| 020 | _a789719473602 | ||
| 050 |
_aKPM 3466 _b.V854 2010 |
||
| 082 |
_aFIL 347.59903 _bV854 2010 |
||
| 245 |
_aShadow of doubt : _cVitug, Marites DaƱguilan _bprobing the Supreme Court |
||
| 260 |
_aQuezon City _bPublic Trust Media Group _cc2010 |
||
| 300 |
_a67 p. _c24 cm. |
||
| 521 | _acollege students | ||
| 526 | _c1210L-1700L | ||
| 541 | _j1 | ||
| 562 | _e1 | ||
| 942 |
_2lcc _cBK _kFIL |
||
| 999 |
_c17194 _d17194 |
||